| 000 | 00925nab a2200205 i 4500 | ||
|---|---|---|---|
| 001 | 768714001 | ||
| 003 | CO-MdFUSB | ||
| 005 | 20230505110635.0 | ||
| 008 | 230505s1998 us ||||| |||| 00| 0 eng d | ||
| 040 |
_beng _aCO-MdFUSB _cCO-MdFUSB _dCO-MdFUSB |
||
| 041 | _aeng | ||
| 110 | _aLeadership | ||
| 245 | 1 |
_aCase study _b: ¨we should be growing¨ _c/ Leadership |
|
| 300 |
_aVolumen 19, número 3 (Summer 1998), páginas 60 - 67 _c; 27 cm. |
||
| 520 | _aLa frustración más común entre los pastores hoy en día podría ser la impotencia de no ver a la iglesia crecer. He aquí una explicación a esta situación que muchos pastores experimentan. Tres respetados observadores ofrecen su análisis. | ||
| 546 | _aTexto en Inglés | ||
| 650 | 0 |
_9362 _aEvangelización |
|
| 773 | 0 |
_068780 _981947 _oR2462 _tLeadership : _w(CO-MdFUSB)768714001 _gVolumen 19, número 3 (Summer 1998), páginas 60-67 _qpágina 60 |
|
| 942 | _cANA | ||
| 999 |
_c68846 _d68846 |
||